| 000 | 00655nam a22001937a 4500 | ||
|---|---|---|---|
| 008 | 160818b xxu||||| |||| 00| 0 eng d | ||
| 020 | _a9780073124469 | ||
| 082 |
_22007 _aDC 364 _bAd1c |
||
| 100 |
_913021 _aAdler, Freda |
||
| 245 |
_aCriminology/ _cFreda Adler, Gerhard O.W. Mueller and Wiliam S. Laufer. |
||
| 250 | _a6th edition | ||
| 260 |
_aBoston: _bMcGraw-Hill, _cc2007. |
||
| 300 |
_axxix, 405 pages: _bcolor illustartions; _c26 cm. |
||
| 500 | _aIncludes bibliographical references and index. | ||
| 650 | 0 |
_913022 _aCrime |
|
| 700 |
_913023 _aMueller, Gerhard O.W. _eAuthor |
||
| 700 |
_913024 _aLaufer, William S. _eAuthor |
||
| 942 |
_2ddc _cDC |
||
| 999 |
_c3901 _d3901 |
||